Reverse Dictionary #19 - Statistics

General Stats
  • This quiz has been taken 62 times
  • The average score is 17 of 25
Answer Stats
Definition First Letter Word % Correct
To remove one's clothing. U Undress
100%
To kill by suffocating in water or another liquid. D Drown
98%
Any subgroup that does not form a numerical majority. M Minority
93%
A feeling of extreme happiness or cheerfulness, especially related to the acquisition or expectation of something good. J Joy
89%
To (gently) tap the flat of one's hand on a person or thing. P Pat
89%
A document sent, or received and printed by a device which scans, transmits, receives and prints documents transmitted by telephone. F Fax
87%
To welcome in a friendly manner, either in person or through another means such as writing. G Greet
87%
A container for rubbish or waste. B Bin
85%
A (generally human) male who begets a child. F Father
85%
A musical instrument that has multiple pipes which play when a key is pressed, or an electronic instrument designed to replicate such. O Organ
85%
Being away from a place; withdrawn from a place; not present; missing. A Absent
80%
To make a false show or pretence of; to counterfeit or simulate. F Feign
78%
To keep (something) while not in use, generally in a place meant for that purpose. S Store
78%
The action or process of making goods systematically or on a large scale. M Manufacture
76%
A room, especially one which is not particularly large, used for manufacturing or other light industrial work. W Workshop
74%
One of the elements, circumstances, or influences which contribute to produce a result. F Factor
57%
A long established and respected organization, particularly one involved with education, public service, or charity work. I Institution
56%
A person, animal or plant living at a certain location or in a certain area. R Resident
56%
The encountering of risks; a bold undertaking, in which dangers are likely to be encountered, and the issue is staked upon unforeseen events; a daring feat. A Adventure
48%
The beginning of something. O Origin
41%
An indifference to suffering or pleasure in inflicting suffering. C Cruelty
33%
The act or state of looking forward to an event as about to happen. E Expectation
33%
(figurative) To attract and hold (someone's) attention and interest; to charm, to entrance, to fascinate. C Captivate
30%
Of or relating to military operations that are more large-scale or long-range than local or tactical ones. S Strategic
24%
Act of joining together into a single political entity. F Federation
11%
No matching quizzes found
Score Distribution
Percent of People with Each Score
Percentile by Number Answered
Your Score History
You have not taken this quiz